000 00415ntaaa2200169 4500
003 01
005 20251027201729.0
008 0714s1973 ag 01
040 _aAR-BaBN
_bspa
_cAR-BaBN
_eaacr
_dRIC
082 _a234.9000 V26
100 _aVan Gilder, H.O.
_915855
245 _aElection and ....
250 _a1 ed.
260 _aFindlay, Ohio :
_bDunham Publishing Company,
_cn.f.
300 _a47 p
942 _cBK
999 _c11978
_d11978